-
KULKARNI, DR. M.V. ,THONTE,S.S .,RATHOD,S.S AND GHIWARE,N.B
Entry Personal Name
Number of records used in: 1
001 - CONTROL NUMBER
003 - CONTROL NUMBER IDENTIFIER
005 - DATE AND TIME OF LATEST TRANSACTION
- control field:
20240108113635.0
008 - FIXED-LENGTH DATA ELEMENTS
- fixed length control field:
240108|| aca||aabn | a|a d
040 ## - CATALOGING SOURCE
- Original cataloging agency:
JRU
- Transcribing agency:
JRU
100 ## - HEADING--PERSONAL NAME
- Personal name:
KULKARNI, DR. M.V. ,THONTE,S.S .,RATHOD,S.S AND GHIWARE,N.B
670 ## - SOURCE DATA FOUND
- Source citation:
Work cat.: (JRU)5813: KULKARNI, DR. M.V. ,THONTE,S.S .,RATHOD,S.S AND GHIWARE,N.B, BIOCHEMISTRY: USEFUL FOR THE STUDENT OF PHARMACY, 2018